Economie et statistique

Saved in:
Bibliographic Details
Format: Serial
Language:French
Published: Paris Institut national de la statistique et des études économiques 1998
Subjects:
Tags: Add Tag
No Tags, Be the first to tag this record!

MARC

LEADER 00000nas2a2200000 4500
001 s124240
005 20221221070038.3
022 |a 0336-1454 
041 0 |a fre 
044 |a FR 
245 1 0 |a Economie et statistique 
264 1 |a Paris  |b Institut national de la statistique et des études économiques  |c 1998 
300 |a 1 zv. 
773 0 |w eu_un_cat*s120656 
610 2 0 |a ekonómia 
610 2 0 |a štatistika